[Event "Olympiad Women 2024"]
[Site "Budapest HUN"]
[Date "2024.09.18"]
[Round "7.58"]
[Board "1"]
[White "Ollet, Myra"]
[Black "Viana, Valeria"]
[Result "0-1"]
[WhiteElo "1658"]
[BlackElo "1882"]
[PlyCount "66"]
[EventDate "2024.09.11"]
[WhiteTeam "Guam"]
[BlackTeam "Honduras"]
[WhiteTeamCountry "GMA"]
[BlackTeamCountry "HON"]

1. d4 Nf6 2. Bf4 d5 3. e3 c5 4. Nc3 a6 5. Nf3 Nc6 6. Be2 Bg4 7. Ne5 ({RR} 7. h3 Bxf3 8. Bxf3 e6 9. O-O cxd4 10. exd4 Bd6 11. Bxd6 Qxd6 12. a3 O-O 13. Na4 Rfc8 14. Nc5 b6 15. Nb3 Na5 16. Nxa5 bxa5 17. Qd2 Rab8 18. b3 a4 19. bxa4 Rc4 20. Rab1 Rxa4 21. Rxb8+ Qxb8 {0-1 Marino Bravo,M (2127)-Rodriguez,S (2252) Titled Tue 28th May Late 2024 (11)}) 7... Bxe2 8. Nxe2 e6 9. c3 $146 ({RR} 9. O-O Be7 10. Nxc6 bxc6 11. c3 O-O 12. h3 Bd6 13. Bg5 Rb8 14. Qc2 h6 15. Bf4 Bxf4 16. Nxf4 Qb6 17. Rab1 Ne4 18. Nd3 c4 19. Ne5 Nf6 20. b3 cxb3 21. axb3 c5 22. Rfe1 Rfc8 23. c4 Qd6 {½-½ Leite,T (1533)-Almeida Junior,A (2133) Araruama op 1st 2021 (1)}) 9... Qb6 10. Rb1 Be7 11. h3 O-O 12. Bg5 Qc7 13. f4 Ne4 14. Bxe7 Qxe7 15. Nf3 b5 16. O-O Na5 17. Qe1 Nc4 18. Nc1 Rfb8 19. Nd3 b4 20. cxb4 cxb4 21. Nde5 Rc8 22. Nxc4 Rxc4 23. Nd2 Rc2 24. Nxe4 dxe4 25. Rf2 Rac8 26. Rxc2 Rxc2 27. Qd1 Qc7 28. Qf1 Qc6 29. Kh2 g6 30. h4 a5 31. Kh3 h5 32. g4 hxg4+ 33. Kxg4 Qd5 0-1

[Event "Olympiad Women 2024"]
[Site "Budapest HUN"]
[Date "2024.09.18"]
[Round "7.58"]
[Board "2"]
[White "Torres Hernandez, Leslie Carolin"]
[Black "Ramas, Carmina Jasmine"]
[Result "1-0"]
[WhiteElo "1891"]
[BlackElo "1712"]
[PlyCount "86"]
[EventDate "2024.09.11"]
[WhiteTeam "Honduras"]
[BlackTeam "Guam"]
[WhiteTeamCountry "HON"]
[BlackTeamCountry "GMA"]

1. e4 d6 2. d4 Nf6 3. Bd3 Nbd7 4. f4 e5 5. Nf3 exd4 6. Nxd4 Be7 7. O-O O-O 8. Nc3 c6 9. Qf3 $146 ({RR} 9. Kh1 Qc7 10. Nf5 Nc5 11. b4 Nxd3 12. Nxe7+ Qxe7 13. cxd3 d5 14. e5 Ng4 15. Qe1 Qxb4 16. h3 d4 17. Bd2 dxc3 18. Bxc3 Qe7 19. hxg4 Bxg4 20. f5 Qg5 21. Qg3 Qh5+ 22. Kg1 Bxf5 23. Rf4 Qg6 {1-0 Nemec,P (2015)-Kral,D (2020) CZE-chT2B 1718 2017 (9.8)}) 9... Qb6 10. Be3 Qxb2 11. Nce2 Qa3 12. Nf5 Re8 13. g4 Nf8 14. Neg3 Bxf5 15. Nxf5 Bd8 16. g5 N6d7 17. Rfb1 Bb6 18. Rb3 Bxe3+ 19. Qxe3 Qc5 20. Rxb7 Qxe3+ 21. Nxe3 Nc5 22. Rb4 Nfe6 23. Ng2 Nxd3 24. cxd3 c5 25. Rb7 Nd4 26. Kf2 g6 27. Rab1 Red8 28. Ne3 Nc6 29. Rc7 Nb4 30. Ke2 Nxa2 31. Rbb7 Rf8 32. Ng4 a5 33. Nh6+ Kg7 34. Nxf7 Rxf7 35. Rxf7+ Kg8 36. Rg7+ Kf8 37. Rxh7 Kg8 38. Rbg7+ Kf8 39. Rxg6 Ra6 40. Rgg7 a4 41. f5 a3 42. f6 Nc3+ 43. Kf3 a2 1-0

[Event "Olympiad Women 2024"]
[Site "Budapest HUN"]
[Date "2024.09.18"]
[Round "7.58"]
[Board "3"]
[White "Estur, Grace Co"]
[Black "Cruz, Bitia"]
[Result "0-1"]
[WhiteElo "1586"]
[BlackElo "1736"]
[PlyCount "64"]
[EventDate "2024.09.11"]
[WhiteTeam "Guam"]
[BlackTeam "Honduras"]
[WhiteTeamCountry "GMA"]
[BlackTeamCountry "HON"]

1. c4 c5 2. Nc3 Nf6 3. Nf3 g6 4. e4 d6 5. Be2 Nc6 6. O-O Bg7 7. d3 O-O 8. Bf4 $146 ({RR} 8. Bg5 Bd7 9. a3 Ne8 10. Qd2 Nc7 11. Nd5 Ne6 12. Be3 Ned4 13. Rab1 Nxf3+ 14. Bxf3 Nd4 15. Bd1 Bc6 16. b4 b6 17. b5 Bxd5 18. cxd5 e6 19. Bxd4 Bxd4 20. dxe6 fxe6 21. Bb3 Qe7 22. a4 Kg7 {1-0 Lopez,R-Fernandez,J Intercajas tt 1996 (1)}) ({RR} 8. a3 Nd4 9. Nxd4 cxd4 10. Nb5 e5 11. a4 a6 12. Na3 Bd7 13. Bg5 Qe8 14. b3 Be6 15. Qd2 Nd7 16. Bh6 f5 17. Bxg7 Kxg7 18. b4 f4 19. a5 b6 20. Nc2 bxa5 21. Rxa5 Nf6 22. Rfa1 Qc6 {0-1 Rimala,E (1124)-Oldernes,H (1183) Vadsosjakken-B 2001 (3)}) ({RR} 8. Be3 a6 9. h3 Rb8 10. a4 Bd7 11. Qd2 Re8 12. Nh4 Na5 13. Bd1 Nc6 14. f4 e6 15. Nf3 Qc7 16. Kh1 Nb4 17. e5 Nh5 18. Kg1 Ng3 19. Re1 Nf5 {½-½ Smirnova,J (1439)-Fougerat,E (1668) Murmansk ChessMates 4th 2020 (1.1)}) 8... Bd7 9. Qd2 Nh5 10. Bg5 f5 11. Bh6 f4 12. Bxg7 Kxg7 13. Rad1 Nd4 14. h3 e5 15. g4 fxg3 16. fxg3 Nxg3 17. Rf2 Ngxe2+ 18. Nxe2 Nxf3+ 19. Rxf3 Rxf3 20. Kg2 Rxh3 21. Ng1 Rh4 22. Kf1 Rf4+ 23. Kg2 Qg5+ 24. Kh1 Rh4+ 25. Qh2 Rxh2+ 26. Kxh2 Qh5+ 27. Nh3 Qxh3+ 28. Kg1 Qg4+ 29. Kf2 Qxd1 30. b4 Rf8+ 31. Kg2 Qf1+ 32. Kg3 Qh3# 0-1

[Event "Olympiad Women 2024"]
[Site "Budapest HUN"]
[Date "2024.09.18"]
[Round "7.58"]
[Board "4"]
[White "Maradiaga, Cesia"]
[Black "Benzon, Tiffany"]
[Result "1-0"]
[WhiteElo "1675"]
[BlackElo "1610"]
[PlyCount "79"]
[EventDate "2024.09.11"]
[WhiteTeam "Honduras"]
[BlackTeam "Guam"]
[WhiteTeamCountry "HON"]
[BlackTeamCountry "GMA"]

1. Nf3 d5 2. e3 Nc6 3. b3 ({RR} 3. Bb5 Bd7 4. d4 e6 5. c4 dxc4 6. O-O Bd6 7. e4 e5 8. d5 Nce7 9. Bxd7+ Qxd7 10. Nbd2 Nf6 11. Qe2 Ng6 12. Nxc4 h6 13. Ne1 O-O 14. Nd3 c6 15. dxc6 Qxc6 16. Nxd6 Qxd6 17. f3 Rfd8 {1-0 Roiz,M (2649)-Felgaer,R (2585) Cannes op 2011 (5)}) 3... b6 $146 ({RR} 3... e6 4. Bb2 Nf6 5. d3 b6 6. d4 Bb4+ 7. c3 Bd6 8. c4 O-O 9. cxd5 exd5 10. Bd3 Ne4 11. O-O Bg4 12. h3 Bf5 13. Ng5 Qxg5 14. f4 Qg6 15. Na3 Bxh3 16. Rf3 Qxg2# {0-1 Paksy,G-Devald,T HUN-chT U18 Miskolc 2009 (5.28)}) ({RR} 3... Bg4 4. d4 e5 5. dxe5 Nxe5 6. Bb2 Nxf3+ 7. gxf3 Bh5 8. Be2 Nf6 9. f4 Bxe2 10. Qxe2 c6 11. Nd2 Bb4 12. a3 Bxd2+ 13. Qxd2 Ne4 14. Qe2 Qh4 15. Qf3 f6 16. c4 O-O-O 17. cxd5 Rhe8 18. h3 {0-1 Jeet,J (2167)-Bortnyk,M (2465) Titled Tuesday intern op 28th Jun Early blitz 2022 (3)}) ({RR} 3... e5 4. Bb5 Bg4 5. h3 Bxf3 6. Qxf3 Nf6 7. Bb2 e4 8. Qd1 Bd6 9. d4 O-O 10. c4 Nb4 11. cxd5 a6 12. Be2 Nbxd5 13. O-O Re8 14. Nd2 Nb4 15. a3 Nbd5 16. b4 a5 17. b5 Rc8 18. Rc1 {1-0 Kurre,I-Comp Mephisto Lyon Blau-Weiss Buchholz Jugend ch 1986 (6.3)}) ({RR} 3... e5 4. d3 Nf6 5. Bb2 Bd6 6. Nbd2 O-O 7. Be2 Bf5 8. O-O Re8 9. c4 e4 10. dxe4 dxe4 11. Nd4 Nxd4 12. Bxd4 h6 13. c5 Bxh2+ 14. Kxh2 Ng4+ 15. Bxg4 Bxg4 16. Qxg4 b6 17. Qxg7# {1-0 Levenko,T-Gordienko,A UKR-ch U10 Nikolaev 1999 (2)}) 4. Bb2 Bb7 5. Be2 Nf6 6. O-O e6 7. d3 Bd6 8. Nbd2 Qe7 9. a3 O-O-O 10. c4 Qd7 11. cxd5 exd5 12. Rc1 h6 13. Nh4 Be7 14. Bxf6 Kb8 15. Bxe7 Qxe7 16. Nhf3 Rhe8 17. d4 Qxa3 18. Bb5 Re6 19. Qc2 a6 20. Ra1 Qe7 21. Bxc6 Bxc6 22. Rfc1 Bb7 23. Ne5 Rdd6 24. f4 f6 25. f5 fxe5 26. fxe6 exd4 27. exd4 Rxe6 28. Nf3 Re2 29. Qd1 Qe3+ 30. Kh1 Qe6 31. Ne5 Rxe5 32. dxe5 Qxe5 33. Qe1 Qh5 34. Qg3 Qf7 35. Rf1 Qe7 36. Rae1 Qd7 37. Rc1 d4 38. Rf8+ Ka7 39. Qxc7 Qd5 40. Qb8# 1-0

[Event "Olympiad Women 2024"]
[Site "Budapest HUN"]
[Date "2024.09.18"]
[Round "7.59"]
[Board "1"]
[White "Nomcebo, Sibisi"]
[Black "Prommuang, Araya"]
[Result "0-1"]
[WhiteElo "1570"]
[BlackElo "1753"]
[PlyCount "140"]
[EventDate "2024.09.11"]
[WhiteTeam "Eswatini"]
[BlackTeam "Thailand"]
[BlackTeamCountry "THA"]

1. d4 d5 2. Nf3 e6 3. g3 c5 4. Bg2 cxd4 5. Nxd4 Nf6 6. O-O e5 7. Nf3 Nc6 ({RR} 7... e4 8. Nd4 Bc5 9. Bg5 Nbd7 10. Nc3 Nb6 11. a4 Be6 12. Nxe6 fxe6 13. Bh3 h6 14. Bxf6 Qxf6 15. e3 Qe5 16. a5 Nc4 17. b3 Nd6 18. Ne2 g5 19. c4 dxc4 20. b4 Bxb4 21. Qa4+ Qb5 22. Qxb5+ {1-0 Aronian,L (2773)-Ivanisevic,I (2614) EU-chT (Men) 17th 2009 (3)}) 8. Bg5 Be7 ({RR} 8... Be6 9. Nc3 Be7 10. Ne1 e4 11. Nb5 h6 12. Be3 O-O 13. c3 Ng4 14. Bd4 a6 15. Na3 f5 16. Nec2 f4 17. f3 exf3 18. exf3 Nf6 19. gxf4 Nh5 20. Be5 Bc5+ 21. Nd4 Nxf4 22. Nac2 Nxe5 23. Kh1 {1-0 Matthes,A (2216)-Ronka,E (2291) Titled Tue 9th Jan Early 2024 (4)}) 9. c4 e4 $146 ({RR} 9... d4 10. e3 O-O 11. exd4 exd4 12. Re1 h6 13. Bf4 Bb4 14. Nbd2 Nh5 15. Ne5 Nxf4 16. gxf4 Qf6 17. a3 Ba5 18. b4 Bc7 19. Bxc6 Qxf4 20. Re4 Qg5+ 21. Kh1 bxc6 22. Ndf3 Qf5 23. Qd3 Re8 24. Nxd4 {0-1 Glushko,A (2328)-Pogromsky,M (2405) RUS-chT2 Sochi 2007 (9)}) ({RR} 9... d4 10. e3 O-O 11. exd4 exd4 12. Nbd2 Bf5 13. a3 h6 14. Bf4 g5 15. Be5 Ng4 16. Re1 f6 17. Nxd4 Nxd4 18. Bd5+ Qxd5 19. cxd5 fxe5 20. Ne4 Bxe4 21. Rxe4 Nxf2 22. Qh5 Kg7 23. Rxd4 exd4 24. Re1 {½-½ Slany,G-Farago,I (2475) Badenweiler op 1988 (1)}) ({RR} 9... d4 10. e3 O-O 11. exd4 exd4 12. Re1 Be6 13. Nbd2 h6 14. Bxf6 Bxf6 15. Rc1 Qb6 16. Qb3 Rfd8 17. Bf1 d3 18. Rb1 Na5 19. Qxb6 axb6 20. b3 Nc6 21. a4 Nb4 22. Ne4 Be7 23. Red1 f5 24. Nc3 {0-1 Radusinovic,L (2430)-Perunovic,M (2655) Belgrade Vucicevic Memorial 2016 (4)}) 10. Nd4 h6 11. Nxc6 bxc6 12. Be3 O-O 13. Nc3 Be6 14. a3 Ng4 15. Bf4 f5 16. cxd5 cxd5 17. Nb5 g5 18. Nd4 Qb6 19. Nxe6 Qxe6 20. Bc1 Ne5 21. b4 Nc4 22. Qb3 Bf6 23. Rb1 Bg7 24. Rd1 d4 25. Bb2 Rfd8 26. Rbc1 Rac8 27. b5 Qf7 28. a4 Nxb2 29. Qxb2 d3 30. Qd2 Rxc1 31. Rxc1 Bf6 32. exd3 Rxd3 33. Qc2 Qd7 34. Qc8+ Qxc8 35. Rxc8+ Rd8 36. Rxd8+ Bxd8 37. Bf1 Kg7 38. Bc4 Kf6 39. Kf1 Ke5 40. Ke2 f4 41. gxf4+ Kxf4 42. Be6 g4 43. Bd7 h5 44. Be6 Bb6 45. Bf7 h4 46. Be6 h3 47. Bd7 Bc7 48. Be6 Bb6 49. Bd7 Bc7 50. Be6 Kg5 51. Bd5 Kf5 52. Bc6 Bxh2 53. a5 Bc7 54. Kf1 Bxa5 55. Bd7+ Kf4 56. Bc8 Kf3 57. Bd7 h2 58. Bxg4+ Kxg4 59. Kg2 Bb6 60. Kxh2 Bxf2 61. Kg2 e3 62. b6 axb6 63. Kf1 b5 64. Kg2 b4 65. Kf1 b3 66. Ke2 b2 67. Kf1 b1=Q+ 68. Ke2 Qc2+ 69. Kf1 Qd1+ 70. Kg2 Qg1# 0-1

[Event "Olympiad Women 2024"]
[Site "Budapest HUN"]
[Date "2024.09.18"]
[Round "7.59"]
[Board "2"]
[White "Mekarapiruk, Nathasha"]
[Black "Nkwanyane Nolwazi"]
[Result "1-0"]
[WhiteElo "1728"]
[BlackElo "1542"]
[PlyCount "57"]
[EventDate "2024.09.11"]
[WhiteTeam "Thailand"]
[BlackTeam "Eswatini"]
[WhiteTeamCountry "THA"]

1. e4 e5 2. Nf3 Nc6 3. d4 exd4 4. Nxd4 Bc5 5. Nb3 Bb6 6. Nc3 d6 7. Qe2 Nge7 8. Be3 Be6 9. O-O-O O-O 10. g3 ({RR} 10. f4 Kh8 11. Kb1 Qe8 12. Bxb6 axb6 13. g4 f6 14. h4 Qf7 15. f5 Bxb3 16. cxb3 Ne5 17. g5 Rad8 18. Bg2 Rd7 19. Rhf1 Rfd8 20. Qe3 Re8 21. Qg3 Red8 22. Qe3 Re8 23. Qg3 Red8 24. Rd2 c6 {½-½ Radjabov,T (2748)-Tomashevsky,E (2701) EU-Cup 26th Plovdiv 2010 (5.2)}) 10... Bxe3+ ({RR} 10... Qd7 11. h3 Bxb3 12. axb3 Bxe3+ 13. Qxe3 a6 14. Bg2 b5 15. f4 b4 16. Na4 Qe6 17. g4 Rfb8 18. Qg3 Nc8 19. e5 Qe8 20. Rhe1 dxe5 21. Bxc6 Qxc6 22. Rd8+ Qe8 23. Rxe8# {1-0 Hanas,M (1652)-Reclik,J (1518) 32nd EY Open U8 2024 (2.11)}) 11. Qxe3 f6 $146 ({RR} 11... Re8 12. f4 Bxb3 13. cxb3 Nc8 14. Bg2 Nb6 15. Rhe1 Qf6 16. Qd2 Rad8 17. Nb5 Rd7 18. Qc3 Qh6 19. h4 Re5 20. Rd5 Nxd5 21. exd5 Rxe1+ 22. Qxe1 Re7 23. Qd2 Nb8 24. Qc3 Na6 25. Nxa7 Qg6 26. b4 {0-1 Hoang,L (2375)-Do,Q (2344) VIE-ch U13 Hanoi 2022 (2)}) ({RR} 11... Qc8 12. h3 a5 13. Nd4 Nxd4 14. Qxd4 Nc6 15. Qd2 Re8 16. f4 f6 17. g4 Kh8 18. Rg1 Qb8 19. f5 Bg8 20. g5 Qd8 21. Bb5 Re5 22. Rg4 Rc5 23. Bxc6 bxc6 24. Rdg1 Rb8 25. gxf6 Qxf6 26. Rxg7 {1-0 Istona,M (2100)-Mazur,S (2400) SVK-chT1E 1415 2014 (6.2)}) 12. f4 Nb4 13. f5 Bxb3 14. axb3 Nec6 15. Bc4+ Kh8 16. Rdg1 Ne5 17. Be6 c5 18. g4 Qa5 19. Kb1 Nec6 20. g5 Nd4 21. gxf6 Rxf6 22. Qg3 g6 23. Rg2 Nxe6 24. fxe6 Raf8 25. Qe1 Rxe6 26. h4 d5 27. h5 gxh5 28. Rxh5 d4 29. Rxh7+ 1-0

[Event "Olympiad Women 2024"]
[Site "Budapest HUN"]
[Date "2024.09.18"]
[Round "7.59"]
[Board "3"]
[White "Dlamini Sincobile"]
[Black "Khantree, Napat"]
[Result "1/2-1/2"]
[WhiteElo "1572"]
[BlackElo "1711"]
[PlyCount "66"]
[EventDate "2024.09.11"]
[WhiteTeam "Eswatini"]
[BlackTeam "Thailand"]
[BlackTeamCountry "THA"]

1. e4 e5 2. Nf3 Nc6 3. d4 exd4 4. Bc4 h6 5. Nxd4 d6 6. O-O Nf6 7. Re1 ({RR} 7. Nc3 Be7 8. Nxc6 bxc6 9. f3 O-O 10. Be3 Nd7 11. Qd2 Bf6 12. Rad1 Bb7 13. Kh1 Re8 14. Bd4 a6 15. Bxf6 Qxf6 16. b3 Ne5 17. Bd3 Ng6 18. Ne2 Rad8 19. c4 Re5 20. Qb4 Bc8 21. Bb1 Rh5 {1-0 Coelho,R (1989)-Bartel,M (2252) Titled Tue 5th Mar Early 2024 (4)}) 7... Be7 8. Nc3 O-O 9. a4 $146 ({RR} 9. Nf5 Ne5 10. Bb3 c5 11. Nxe7+ Qxe7 12. Nd5 Nxd5 13. Bxd5 Qc7 14. Bf4 Bg4 15. Qd2 Rad8 16. Re3 Be6 17. Rg3 Ng4 18. Bxe6 fxe6 19. Rxg4 Kh7 20. Rd1 e5 21. Be3 Qd7 22. h3 h5 23. Rg5 g6 {1-0 Zaksaite,S (2261)-Solomna,S (1434) Motiva Online Blitz (Women) 2021 (1)}) ({RR} 9. Be3 Nh7 10. Qd2 a6 11. Nxc6 bxc6 12. Rad1 Be6 13. Bd3 f5 14. exf5 Bxf5 15. Bxf5 Rxf5 16. Qd3 Qf8 17. Bd4 c5 18. Be3 Bg5 19. Bxg5 Nxg5 20. f3 Qf7 21. Nd5 Re5 22. Rxe5 dxe5 23. Qe3 c6 {1-0 Nikolovski,K (1276)-Jonuzi,A FRM-ch op Struga 2021 (9)}) ({RR} 9. Bf4 Nh7 10. a3 Nxd4 11. Qxd4 Be6 12. Bxe6 fxe6 13. Bg3 Bh4 14. Bxh4 Qxh4 15. g3 Qg4 16. h4 g5 17. Qd1 Qh3 18. Qh5 Kg7 19. e5 Qf5 20. Ne4 d5 21. Nf6 Nxf6 22. exf6+ Rxf6 23. Re2 gxh4 {0-1 Pal,C (1828)-Suket,J HUN-chT2 Szechenyi 0506 2005 (7)}) 9... Nxd4 10. Qxd4 Re8 11. Bf4 Nh5 12. Bxf7+ Kxf7 13. Qd5+ Kg6 14. Bg3 Nxg3 15. fxg3 Kh7 16. Ne2 Bf6 17. c3 Re5 18. Qd3 Qe8 19. Nf4 Bf5 20. Nd5 Bxe4 21. Rxe4 Rxe4 22. Re1 Qf7 23. Rxe4 Kh8 24. Nxf6 Qxf6 25. Qb5 b6 26. Re8+ Rxe8 27. Qxe8+ Kh7 28. Qd7 Qe5 29. Kf2 Qc5+ 30. Kf1 Qc4+ 31. Kf2 Qc5+ 32. Kf1 Qc4+ 33. Kf2 Qc5+ 1/2-1/2

[Event "Olympiad Women 2024"]
[Site "Budapest HUN"]
[Date "2024.09.18"]
[Round "7.59"]
[Board "4"]
[White "Tawankanjana, Sasinat"]
[Black "Nosimilo, Mkhonto"]
[Result "1-0"]
[WhiteElo "1612"]
[BlackElo "1561"]
[PlyCount "131"]
[EventDate "2024.09.11"]
[WhiteTeam "Thailand"]
[BlackTeam "Eswatini"]
[WhiteTeamCountry "THA"]

1. e4 e5 2. Nf3 Nc6 3. d4 d6 4. Nc3 Bg4 5. d5 Nd4 6. Be3 Nxf3+ 7. gxf3 Bd7 8. f4 ({RR} 8. a4 a6 9. a5 g6 10. Qd2 Qh4 11. Ra3 Bh6 12. Nd1 f5 13. exf5 gxf5 14. Bxh6 Qxh6 15. Qxh6 Nxh6 16. f4 O-O-O 17. fxe5 dxe5 18. c4 Rhg8 19. Rg3 f4 20. Rxg8 Rxg8 21. Bd3 Nf5 22. Kd2 h6 {½-½ Karthik,R (2388)-Amin,B (2667) 30th Abu Dhabi Masters 2024 (2.36)}) 8... Qh4 $146 ({RR} 8... exf4 9. Bxf4 Ne7 10. Bg3 Ng6 11. Qd2 Be7 12. O-O-O O-O 13. Kb1 f5 14. exf5 Bxf5 15. Bd3 Bg5 16. Qe2 Qd7 17. Bxf5 Qxf5 18. Rhe1 Qf7 19. Ne4 Bh6 20. Qb5 b6 21. Qc4 Qd7 22. Rd3 b5 23. Qd4 {0-1 Horvath,S (2326)-Babits,A (2272) HUN-chT2 Charousek 0405 2004 (7)}) ({RR} 8... g6 9. Qd2 Bg7 10. Be2 Ne7 11. h4 exf4 12. Bxf4 O-O 13. h5 f5 14. Bh6 Rf7 15. f3 Qf8 16. Bxg7 Qxg7 17. O-O-O fxe4 18. Nxe4 Raf8 19. hxg6 Nxg6 20. Ng5 Nf4 21. Nxf7 Nxe2+ 22. Qxe2 Qxf7 23. Qe4 {1-0 Ropovik,S (1973)-Zentko,L (1734) LJ Slovakia Open 2024 (5.39)}) ({RR} 8... exf4 9. Bxf4 Ne7 10. Qd4 Ng6 11. Bg3 h5 12. h4 Be7 13. O-O-O Bf6 14. Qe3 Nxh4 15. Be2 Bg4 16. f3 Ng6 17. Kb1 h4 18. Bh2 Bd7 19. f4 Qe7 20. Bf3 O-O 21. Rhg1 Rfe8 22. Rde1 c6 23. Qd3 {1-0 Bednarski,J (2360)-Nielsen,J Copenhagen Open-05 (Politiken Cup-04) 1983 (2)}) ({RR} 8... exf4 9. Bxf4 g6 10. Qd4 f6 11. O-O-O Bh6 12. Bxh6 Nxh6 13. h4 Qe7 14. f4 Nf7 15. Nb5 Bg4 16. Re1 a6 17. Nc3 c5 18. dxc6 bxc6 19. Bc4 O-O 20. e5 d5 21. Bxd5 cxd5 22. Nxd5 Qe6 23. Nxf6+ {0-1 Privara,I (2148)-Vinarcik,J (1876) SVK-ch Seniors 65 2017 (2)}) 9. Qd2 h6 10. O-O-O Nf6 11. f3 a6 12. Bc4 O-O-O 13. Qe2 exf4 14. Bf2 Qh5 15. Bxa6 c5 16. dxc6 Bxc6 17. Bb5 Bxb5 18. Nxb5 Kd7 19. Nd4 Qa5 20. Qc4 d5 21. exd5 Qa6 22. Qb3 Bc5 23. Rhf1 g6 24. Qb5+ Qxb5 25. Nxb5 Bxf2 26. Rxf2 Kc8 27. d6 Nd7 28. Rd4 g5 29. Rc4+ Kb8 30. Re2 Rhe8 31. Rce4 Rxe4 32. Rxe4 Nf6 33. Re7 Rd7 34. Re5 b6 35. c4 Kb7 36. Kc2 Kc6 37. b4 Kb7 38. h3 Rd8 39. Rf5 Nd7 40. Rxf7 Kb8 41. Re7 h5 42. Nd4 Kc8 43. Nc6 Rg8 44. Nd4 g4 45. fxg4 hxg4 46. hxg4 Rf8 47. Nf3 Kd8 48. Kd3 Nf6 49. g5 Nh5 50. Rb7 Re8 51. Rb8+ Kd7 52. Rxe8 Kxe8 53. c5 bxc5 54. bxc5 Kd7 55. a4 Ng7 56. Nd4 f3 57. Ke3 Kc8 58. Kxf3 Ne8 59. Ke4 Kb7 60. c6+ Kc8 61. d7+ Kd8 62. dxe8=Q+ Kxe8 63. Ke5 Kd8 64. g6 Ke7 65. g7 Kf7 66. c7 1-0

[Event "Olympiad Women 2024"]
[Site "Budapest HUN"]
[Date "2024.09.18"]
[Round "7.60"]
[Board "2"]
[White "Kinoshita, Kanako"]
[Black "Zenobia Wasif"]
[Result "1-0"]
[WhiteElo "1822"]
[BlackElo "1743"]
[PlyCount "59"]
[EventDate "2024.09.11"]
[WhiteTeam "Japan"]
[BlackTeam "Pakistan"]
[WhiteTeamCountry "JPN"]
[BlackTeamCountry "PAK"]

1. e4 e5 2. Nf3 d6 3. d4 exd4 4. Nxd4 Nf6 5. Nc3 g6 6. Be3 Bg7 7. Qd2 Nc6 8. f3 Nxd4 9. Bxd4 Be6 10. O-O-O O-O 11. g4 h5 ({RR} 11... Re8 12. g5 Nh5 13. Bxg7 Nxg7 14. Be2 c6 15. h4 d5 16. f4 Kf8 17. exd5 Bxd5 18. Nxd5 Qxd5 19. Qxd5 cxd5 20. Bf3 b6 21. h5 Rad8 22. hxg6 hxg6 23. Rh8+ Ke7 24. Rxe8+ Rxe8 25. Bxd5 Nh5 26. Rd4 {1-0 LCZero 0.30-dag-bord-lf_78496 (3589)-rofChade 3.0 (3486) TCEC 23 Premier 2022 (53.3)}) ({RR} 11... a6 12. h4 c5 13. Be3 Qa5 14. h5 Bxa2 15. Bh6 Be6 16. Bxg7 Qa1+ 17. Nb1 Kxg7 18. Qc3 h6 19. g5 hxg5 20. h6+ Kh7 21. Qxf6 Rg8 22. Bh3 Raf8 23. Bxe6 fxe6 24. Qe7+ Kh8 25. h7 {1-0 Turcsanyi,V (2303)-Stojanovski,S (2169) Titled Tue 30th Apr Late 2024 (5)}) 12. h3 $146 ({RR} 12. g5 Ne8 13. Bxg7 Nxg7 14. Rg1 a6 15. f4 b5 16. Bd3 b4 17. Nd5 Bxd5 18. exd5 Qd7 19. Qxb4 Rfb8 20. Qd4 Nf5 21. Bxf5 Qxf5 22. Rge1 a5 23. a3 Re8 24. Kb1 Rab8 25. Qc4 Qh3 26. Qc6 Rf8 {1-0 Soloviov,S (2395)-Simonsen,M Copenhagen op 1991 (4)}) 12... a6 13. g5 Nd7 14. f4 f5 15. exf5 Bxf5 16. Bc4+ Kh7 17. Rde1 Nb6 18. Bxg7 Kxg7 19. Re3 Nxc4 20. Qd4+ Kh7 21. Qxc4 b5 22. Qd5 c6 23. Qxc6 Rc8 24. Qxa6 b4 25. Qb7+ Qc7 26. Re7+ Rf7 27. Rxf7+ Qxf7 28. Qxf7+ Kh8 29. Re1 bxc3 30. bxc3 1-0

[Event "Olympiad Women 2024"]
[Site "Budapest HUN"]
[Date "2024.09.18"]
[Round "7.60"]
[Board "3"]
[White "Mehak Gul"]
[Black "Mitsuyama, Rikka"]
[Result "0-1"]
[WhiteElo "1709"]
[BlackElo "1738"]
[PlyCount "70"]
[EventDate "2024.09.11"]
[WhiteTeam "Pakistan"]
[BlackTeam "Japan"]
[WhiteTeamCountry "PAK"]
[BlackTeamCountry "JPN"]

1. d4 d5 2. Nf3 Nf6 3. g3 Bf5 4. Bg2 e6 5. O-O Bd6 6. c4 c6 7. Qb3 Qb6 8. Qxb6 axb6 9. cxd5 exd5 10. Nc3 O-O 11. Re1 $146 ({RR} 11. Nh4 Bg6 12. Nxg6 hxg6 13. e4 dxe4 14. Nxe4 Nxe4 15. Bxe4 Nd7 16. Be3 Nf6 17. Bf3 Be7 18. Rfc1 Rfd8 19. Kf1 Nd5 20. Ke2 Bf6 21. Rc4 b5 22. Rc5 Nb4 23. a3 Bxd4 24. Bxd4 Rxd4 25. Re5 Rd7 {0-1 Hardt,B (1783)-Hastrich,J (2104) SVR-ch MTB 29th 2006 (4)}) 11... h6 12. Ne5 b5 13. e4 dxe4 14. Nxe4 Nxe4 15. Bxe4 Be6 16. Bd2 Bxe5 17. dxe5 Nd7 18. Bb1 Rfd8 19. Bc3 Nc5 20. Bc2 Bxa2 21. Bb4 Nd3 22. Bxd3 Rxd3 23. Red1 Rxd1+ 24. Rxd1 Bd5 25. Bc5 Ra2 26. b4 Rb2 27. h4 Bf3 28. Re1 b6 29. Bd6 Rc2 30. Bc7 c5 31. Bxb6 cxb4 32. g4 b3 33. Rb1 b2 34. Kh2 Be4 35. Bd4 Rc4 0-1

[Event "Olympiad Women 2024"]
[Site "Budapest HUN"]
[Date "2024.09.18"]
[Round "7.60"]
[Board "4"]
[White "Takayasu, Melody"]
[Black "Aayat Asmi"]
[Result "1/2-1/2"]
[WhiteElo "1768"]
[BlackElo "1421"]
[PlyCount "55"]
[EventDate "2024.09.11"]
[WhiteTeam "Japan"]
[BlackTeam "Pakistan"]
[WhiteTeamCountry "JPN"]
[BlackTeamCountry "PAK"]

1. e4 e6 2. f4 d5 3. e5 d4 ({RR} 3... Nh6 4. Nf3 Be7 5. c3 O-O 6. d4 b6 7. Be3 f6 8. exf6 Bxf6 9. Bd3 Ba6 10. O-O Nf5 11. Bf2 Qc8 12. Re1 Nd6 13. Bc2 c5 14. Nbd2 Re8 15. dxc5 bxc5 16. Nb3 c4 17. Nc5 Bb7 18. Ng5 {1-0 Glek,I (2531)-Bunzmann,D (2525) FRA-chT Top 16 Gp Basse 2007 (8.3)}) 4. Nf3 Nc6 $146 ({RR} 4... c5 5. Bb5+ Bd7 6. Qe2 a6 7. Bxd7+ Qxd7 8. c4 Nc6 9. d3 Nh6 10. Nbd2 Be7 11. Ne4 O-O 12. h3 b5 13. b3 bxc4 14. bxc4 Nb4 15. O-O Qa4 16. Ne1 Rab8 17. Rf3 Rb6 18. g4 Bh4 19. Ng3 {1-0 Bolevski,I-Samaritani,F Pellestrina-C 1979 (7)}) ({RR} 4... Ne7 5. c3 Nbc6 6. Na3 Nd5 7. g3 Bxa3 8. bxa3 dxc3 9. d4 Bd7 10. Bc4 Nce7 11. O-O Bc6 12. a4 Qd7 13. Ba3 Bxa4 14. Qd3 Nb6 15. Rfc1 Nxc4 16. Qxc4 Nd5 17. Rab1 Bc6 18. Ng5 Ne3 19. Qb3 {0-1 Rosen,E (2361)-Szpar,M (2485) Titled Tue 26th Dec Late 2023 (6)}) ({RR} 4... Bc5 5. Bc4 a6 6. d3 b5 7. Bb3 Bb7 8. Nbd2 Ne7 9. Ne4 Bb6 10. Nfg5 h6 11. Qh5 g6 12. Nf6+ Kf8 13. Qh3 Bd5 14. Rf1 Bxb3 15. axb3 Nd7 16. Ngh7+ Kg7 17. f5 h5 18. fxg6 fxg6 19. Qxe6 {1-0 Diller,P (1856)-Lunz,D (1908) Mittelfrankenliga-B2b 0607 2006 (8.5)}) ({RR} 4... c5 5. d3 Nh6 6. Be2 Be7 7. O-O O-O 8. Nbd2 Nc6 9. Ne4 f6 10. exf6 gxf6 11. Bd2 Kh8 12. c3 Rg8 13. Kh1 b6 14. cxd4 cxd4 15. a3 Bb7 16. b4 a6 17. h3 Nf5 18. Kh2 Nd6 19. Nxd6 {0-1 Jabbusch,B (1881)-Witkowski,R (1877) Mecklenburg VP LL 0809 2008 (2.6)}) 5. a3 Nge7 6. Bd3 Nd5 7. g3 b6 8. b4 Nde7 9. Be4 Rb8 10. Bb2 a6 11. c4 dxc3 12. Nxc3 Nd4 13. Ne2 Nxf3+ 14. Bxf3 Bb7 15. Bxb7 Rxb7 16. Qa4+ b5 17. Qxa6 Rb6 18. Qa5 Nc6 19. Qxb6 cxb6 20. Kf2 Qxd2 21. Bc3 Qd8 22. Rhd1 Qc8 23. Rac1 Be7 24. Bb2 Qb7 25. Nc3 Na7 26. Ke3 O-O 27. Ne4 Qb8 28. Rd7 1/2-1/2